00767nam a2200205 a 450000100100000000500170001000800410002702000150006804000250008308200150010810000340012324501260015726000390028330000280032250000380035070000340038804900090042295201130043199900170054400002310620200930022007.0101126s2003 sp a r 000 | spa d a8495163691 aDO-SdBNPbspacBNPHU axxxbG182e1 aGalve Górriz, Carmen94757213aLa empresa familiar en España :bfundamentos económicos y resultados /cCarmen Galve Górriz, Vicente Salas Fumás. aBilbao :bFundación BBVA,c2003. a204 p. :bil. ;c24 cm. aIncluye notas al pie de páginas1 aSalas Fumás, Vicente947573 aBNGR 001050718MOaGRbGRcCTd2010-11-26iLF1l0oxxx G182ep23106-10r2020-06-25w2020-06-25y1ZNo se presta c22603d22603